MDQL
is popping MORE tags! Check the
thread
!
Quizzes
Events
Quiz Creation
Community
Videos
Private Events
Remove Ads
Sign In
Join for FREE
Feedback
Dark Mode
Quiz Categories
Sports
Geography
Music
Movies
Television
Just For Fun
Miscellaneous
History
Literature
Language
Science
Gaming
Entertainment
Religion
Holiday
For Kids
Quiz Lab
Recent
Popular Today
Quiz Kudos Today
Editor Picks
Curator Picks
Quizzes by...
Day
Popularity
Type
Ratings
Length
Year
Community
Subscriptions
Recent Discussions
Orange Saloon
Badges
Playlists
Quests
Create
Leaderboards
Showdown
Live 5
Trivia Bingo
Activity
Puzzle Library
Sporcle Events
Private Events
Virtual Trivia
Globe League
Become a Host
Pub Owners
SporcleCon
Opinionation
Our Games
Videos
Blog
Mobile Apps
Partnerships
Remove Ads and Go Orange
Feedback
History
US Presidents
World Leaders
Politics
Nation
Discovery
War
Decade
Year
Century
Biography
Art
History
US Presidents
World Leaders
Politics
Nation
Discovery
War
Decade
Year
Century
Biography
Art
Random Quiz
Search Sporcle
×
Quiz Lab
Quiz Lab
History
Numbers
Type in answers that appear in a list
Type in answers that appear in a list
Classic
Best Score? Go Orange.
Vice Presidents by President Stats
Can you name the Vice Presidents by the President They Served Under?
By
Catcher3M
15m
41 Questions
896 Plays
896 Plays
896 Plays
Comments
Comments
Give Quiz Kudos
Give Quiz Kudos
-
- Ratings
hide this ad
Forced Order
Answers have to be entered in order
Answers have to be entered in order
Random Order
Randomize order of answers
Randomize order of answers
Replay
Link that replays current quiz
Next Quiz
Link to next quiz in quiz playlist
You Got
0%
They Got
Avg Score
81%
Avg Friend Score
Upgrade to see
Score Distribution
Jump to the score distribution portion of the page
Score
0/41
Timer
15:00
0
Plays Today
President
Vice President
% Correct
Bill Clinton
Al Gore
90.6%
George Washington
John Adams
90.1%
John Kennedy
Lyndon B. Johnson
89.8%
Barack Obama
Joe Biden
89.8%
Ronald Reagan
George H. W. Bush
89.3%
George W. Bush
Dick Cheney
89.2%
John Adams
Thomas Jefferson
88.5%
George H. W. Bush
Dan Quayle
88.4%
James Garfield
Chester A. Arthur
86.5%
Warren G. Harding
Calvin Coolidge
86.5%
William H. Harrison
John Tyler
86.2%
Jimmy Carter
Walter Mondale
86.2%
Thomas Jefferson
Aaron Burr
86%
Dwight Eisenhower
Richard Nixon
85.6%
Gerald Ford
Nelson Rockefeller
85.5%
Zachary Taylor
Millard FIllmore
85%
Richard Nixon
Spiro Agnew and Gerald Ford
84%
John Q. Adams, Andrew Jackson
John C. Calhoun
83.3%
Andrew Jackson
Martin Van Buren
83%
Thomas Jefferson, James Madison
George Clinton
82.7%
Abraham Lincoln
Hannibal Hamlin and Andrew Johnson
82.7%
President
Vice President
% Correct
Lyndon B. Johnson
Hubert Humphrey
82.4%
Harry Truman
Alben Barkley
79.6%
James Buchanan
John C. Breckinridge
79.4%
James Polk
George M. Dallas
79.1%
Franklin Pierce
William R. King
78.8%
James Madison
Elbridge Gerry
78%
Calvin Coolidge
Charles G. Dawes
77.5%
Theodore Roosevelt
Charles W. Fairbanks
77.1%
Herbert Hoover
Charles Curtis
77.1%
James Monroe
Daniel D. Tompkins
76.3%
William H. Taft
James S. Sherman
76.3%
Woodrow Wilson
Thomas R. Marshall
76.2%
Martin Van Buren
Richard Mentor Johnson
76.1%
Rutherford Hayes
William A. Wheeler
76%
Franklin D. Roosevelt
John Garner, Henry Wallace and Harry Truman
76%
Benjamin Harrison
Levi P. Morton
75.9%
Grover Cleveland (24)
Adlai E. Stevenson
75.1%
Ulysses Grant
Schuyler Colfax and Henry WIlson
74%
William McKinley
Garret Hobart and Theodore Roosevelt
74%
Grover Cleveland (22)
Thomas A. Hendricks
58.3%
Quiz Playlist
Details
Report
Send in Message
Add To Playlist
Classic:
Type in answers that appear in a list
Forced Order:
Answers have to be entered in order
Random Order:
Randomize order of answers
Quiz Source
Last Updated: Feb 17, 2018
Quiz Scoreboard
CHALLENGE
Sign Up to Join the Scoreboard
Show All
Scores
Hide
Comments
May contain spoilers
Recently Published
5x2 Blitz: Bands
by SL_Kpop136
Music
30s
Colored Red Africa Blitz
by spor1
Geography
30s
Find the 'City' Movie
by crazypaving
Movies
60s
More to Explore
Quiz From the Vault
Featured Blog Post
14 Easter Pick-up Lines to Find Eggs With
hide this ad
You Might Also Like...
Tags
Numbers Quiz
US Presidents Quiz
Served
Under
Vice
Vice Presidents
Today's Top Quizzes in History
Browse History
hide this ad
Today's Top Quizzes in Numbers
Browse Numbers
Top Contributed Quizzes in History
1
Popular People in 1991
2
US National Parks Named After People
3
Order Up: 1000 Years of World Events I
4
Popular People in 1981
5
Popular People in 1951
6
Popular People in 1941
7
Popular People in 1986
8
Popular People in 1921
9
Popular People in 1976
10
Magic 10 Blitz: U.S. Presidents
Explore More
Trending Topics
Harry Potter
Disney
Crossword
Kpop
Marvel
NBA
Anime
WWE
Soccer
Pokémon
Country
Puzzle
The Office
Song
NFL
hide this ad
More By:
Catcher3M
Quiz
Plays
Rating
Category
Featured
Created
'C' Elements
49,069
4.36
Science
Oct 4, 2009
'S' Elements
22,158
4.49
Science
Nov 25, 2009
Romeo and Juliet Prologue
4,546
3.50
Literature
May 8, 2010
Vice Presidents by President
896
2.00
History
Nov 20, 2009
Nadsat Language: Nadsat to English
512
5.00
Language
Oct 31, 2009
Go to Creator's Profile
Score Distribution
Quiz Creator Spotlight
Catcher3M
Follow
Send a Message
Quizzes Created
-
Created Quiz Play Count
-
More By This Creator
Popular Quizzes Today
1
Find the 'City' Movie
2
Colored Red Africa Blitz
3
Find the US States - No Outlines Minefield
4
5x2 Blitz: Bands
5
The Countries of the World
6
Find the US States
7
US States
8
9x9 Crossword: Cartoon Network
More History Quizzes
Hidden Neighbors of Yugoslavia (1960)
Quiz Lab
Trending Quizzes
Colored Red Europe Blitz I
Colored Red Africa Blitz II
Colored Red Europe Blitz II
Colored Red Africa Blitz III
Colored Red Europe Blitz III
Recently Updated
Famous TV Couples
Peacemaker
Champions League XIs: Real Madrid
pecheneg
Largest US Cities 1790-2010
pecheneg
Rides in Walt Disney World
pecheneg
Most Oscar Losses (Acting)
pecheneg
Beyoncé Albums
pecheneg
Leaping Animals
pecheneg
Reality TV Shows (A-Z)
bhenderson79
Rickey Henderson's Hall of Fame Teammates
pecheneg
Champions League XIs: Arsenal
pecheneg
Trending Topics
Marvel
Crossword
Disney
Harry Potter
Kpop
Anime
NBA
WWE
Puzzle
NFL
Country
The Office
Song
Pokémon
Soccer
Your Account Isn't Verified!
In order to create a playlist on Sporcle, you need to verify the email address you used during registration. Go to your
Sporcle Settings
to finish the process.
Report this User
Report this user for behavior that violates our
Community Guidelines
.
Details:
Send Report
Go to the Sporcle.com Mobile Site →
Comments